00468nam a2200193Ia 4500001000700000003000500007008004100012010001100053040000900064082001100073100001900084245005100103260003900154300001100193440003000204500000500234503000500239650003000244Z_3249CHAP220113s1999 xx 000 0 und d a166357 cCHAP a860 S4 aSerna, Enrique aEl miedo a los animales /cpor Enrique Serna aMéxico, D. F. :bPlaneta,c1999 a269 p. aNarrativa actual mexicana a a aLiteratura mexicana I. t.